Quiz film barbie - Statistiques

Statistiques générales
  • Ce quiz a été pris 517 fois
  • Le résultat moyen est 4 sur 17
Statistiques - réponses
Hint Réponse % Correct
2001 Casse noisette
69%
2011 Apprentie princesse
51%
2005 Fairytopia
37%
2010 La magie de la mode
31%
2012 La princesse et la pop star
31%
2005 Et le cheval magique
29%
2009 Les trois mousquetaires
24%
2007 Princesse de l'île merveilleuse
20%
2006 Au bal des douze princesses
19%
2004 Cœur de princesses
18%
2008 Le palais de diamants
17%
2014 Et la magie des perles
15%
2006 Fairytopia : Mermedia
10%
2007 Fairytopia : la magie de l'arc en ciel
8%
2010 Le secrets des sirènes
7%
2003 Le lacs des cygnes
5%
2013 Mariposa et le royaume des fées
3%
Aucun quiz correspondant
Distribution des résultats
% des personnes avec chaque résultat
Percentile par nombre de réponses
Votre historique - résultats
Vous n’avez pas pris ce quiz